Sistema de información para la gestión de Auspiciamiento de niños de escasos recursos en el municipio El Tuma – La Dalia, Matagalpa
Presenta el análisis y diseño del desarrollo de un sistema de información en un ambiente web para la Gestión de Auspiciamiento de niños y niñas de escasos recursos del municipio de El Tuma- La Dalia, departamento de Matagalpa. Se realiza un estudio técnico, económico y financiero para determ...
| Main Authors: | , |
|---|---|
| Other Authors: | |
| Format: | Tesis Section = Libro |
| Language: | Undetermined Spanish |
| Published: |
Managua
UNI-IES
2017
|
| Subjects: |
| LEADER | 01475nam a2200277Ia 4500 | ||
|---|---|---|---|
| 008 | 240830s9999 xx 000 0 und d | ||
| 040 | |a BIBLIOTECA-RUPAP Mon 005.1 H565 | ||
| 041 | |a spa | ||
| 082 | |a Mon 005.1 H565 | ||
| 100 | 1 | |a Herrera Hernández, Emmanuel de Jesús | |
| 100 | 1 | |b Téllez Martínez, María Isabel | |
| 245 | 1 | 0 | |a Sistema de información para la gestión de Auspiciamiento de niños de escasos recursos en el municipio El Tuma – La Dalia, Matagalpa |
| 260 | |a Managua |b UNI-IES |c 2017 | ||
| 300 | |a 100 p. :il. | ||
| 500 | |a Contiene: anexos e Incluye: CD. | ||
| 502 | |a Tesis (Ingeniero de Sistemas)- UNI, 2017. | ||
| 520 | 3 | |a Presenta el análisis y diseño del desarrollo de un sistema de información en un ambiente web para la Gestión de Auspiciamiento de niños y niñas de escasos recursos del municipio de El Tuma- La Dalia, departamento de Matagalpa. Se realiza un estudio técnico, económico y financiero para determinar la viabilidad del sistema; así mismo se elaboró el diseño de un entorno de alta disponibilidad para el aseguramiento de los datos de la institución. | |
| 650 | 7 | |a INGENIERIA DE SOFTWARE | |
| 650 | 7 | |b ANÁLISIS Y DISEÑO DE SISTEMAS DE INFORMACIÓN | |
| 650 | 7 | |c APLICACIÓN WEB | |
| 650 | 7 | |d COSTO DEL SOFTWARE | |
| 650 | 7 | |e PROCESAMIENTOS DE DATOS-ASPECTOS ECONOMICOS Y FINANCIEROS | |
| 700 | 1 | |a Tutor: |b Herrera Treminio, Walger José | |
| 942 | |c BK |2 ddc | ||
| 991 | |a TESIS | ||
| 999 | |c 15291 | ||